1747 1695 1529 1583 1496 1312 1294 1329 1363 1956 1349 1257 1022 1367 1783 1657 1604 1391 1638 1295 1163 1288 1821 1610 1854 1976 1009 1381 1305 1745 1244 1618 1754 1983 1983 1525 1886 1604 1431 1890 1779 1488 1097 1821 1617 1491 1968 1710 1117 1111 1971 1245 1449 1561 1063 1165 1315 1631 1522 1816 1017 2000 1415 1706 1402 1632 1454 1228 1728 1784 1239 1633 1603 1968 1716 1263 1089 1719 1974 1037 1242 1749 1547 1600 1766 1065 1333 1559 1964 1061 1309 1413 1588 1905 1557 1939 1612 1495 1664 BCNSPRNW ULIB Ver.6.0+V

เปลี่ยนเป็นภาษาไทย

Change to English
 แสดงรายละเอียดบรรณานุกรม
  กลับหน้าหลัก

Brief Record : Get Marc (ISO 2709) : E-mail record : QR code < ปิดหน้าต่าง
LEADER : 00000nam 2200000uu 4500
001    13399127495
003     ULIB
008    200617s2562||||th 000 0 tha d
020 ^- ^a9786163660602
050 ^- ^aนว^bด179ม
100 0^ aดวงตะวัน.
245 10 ^aมนตรารีรายา /ดวงตะวัน.
250 ^- ^aพิมพ์ครั้งที่ 1.
260 ^- ^aนนทบุรี :^bดวงตะวัน,^c2562
300 ^- ^a570 หน้า ;^c21 ซม.
945    ^p390^l0^i28401
999    ^aกัณชพร จุลอักษร
รายการนี้ยังไม่มีแท็ก
คุณยังไม่ได้ล็อกอิน คุณสามารถมีกิจกรรมร่วมกับเว็บไซต์ได้ แต่ต้องล็อกอินก่อน ::
  ล็อกอิน

รายการสื่อสารสนเทศ

ลำดับที่ ประเภท เลขเรียก/บาร์โค้ด สถานที่ สถานะ
1. นวนิยาย
นวนิยาย
นว ด179ม ฉ.1 
  Barcode: 28401
ห้องสมุดวิทยาเขตนครสวรรค์
►หนังสือทั่วไป:l:General Books
บนชั้น

รายการใกล้เคียง
    ชื่อเรื่อง [มนตรารีรายา /ดวงตะวัน.]

    ผู้แต่ง [aดวงตะวัน.]

BibComment


ยังไม่เคยถูกคอมเมนท์

คอมเมนท์ทรัพยากรรายการนี้
  คอมเมนท์: มนตรารีรายา ดวงต..


 Copyright 2026. Bcnsprnw @Library